000 00435nam a2200169Ia 4500
008 240729s9999 xx 000 0 und d
022 _a2075-4663
245 0 _aSports
260 _aSwitzerland
260 _bMDPI AG
650 _a Recreation. Leisure
650 _a Sports
650 _aGeography. Anthropology. Recreation
856 _uhttps://doaj.org/toc/58fb5ffb8389421697fa196ce6451522
942 _2ddc
942 _cDOAJEJ
999 _c73941
_d73941
945 _a1
_bMadushi Gamage
_c1
_dMadushi Gamage